LEADER 02181oas 2200661 a 450 001 9910890849103321 005 20260218111938.0 035 $a(DE-599)ZDB2409214-9 035 $a(OCoLC)261350920 035 $a(CONSER) 2011250951 035 $a(CKB)1000000000262433 035 $a(DE-599)2409214-9 035 $a(EXLCZ)991000000000262433 100 $a20081009a19859999 sf 101 0 $aeng 135 $aurun||||||||| 181 $ctxt$2rdacontent 182 $cc$2rdamedia 183 $acr$2rdacarrier 200 00$aCooperation south /$fUnited Nations Development Programme 210 $aNew York, N.Y. $cUnited Nations Development Programme 300 $a"The magazine of technical co-operation among developing countries, TCDC." 311 08$a0259-3882 330 $a"The magazine of technical co-operation among developing countries, TCDC." 606 $aTechnology$zDeveloping countries$xInternational cooperation 606 $aTechnology and state$zDeveloping countries 606 $aTechnical assistance$zDeveloping countries 606 $aTechnical assistance$2fast$3(OCoLC)fst01144732 606 $aTechnology and state$2fast$3(OCoLC)fst01145265 606 $aTechnology$xInternational cooperation$2fast$3(OCoLC)fst01145145 606 $aTechnische samenwerking$2gtt 607 $aDeveloping countries$2fast 615 0$aTechnology$xInternational cooperation. 615 0$aTechnology and state 615 0$aTechnical assistance 615 7$aTechnical assistance. 615 7$aTechnology and state. 615 7$aTechnology$xInternational cooperation. 615 17$aTechnische samenwerking. 712 02$aUnited Nations Development Programme 712 02$aUnited Nations Development Programme.$bSpecial Unit for South-South Cooperation. 801 0$bOCLCS 801 1$bOCLCS 801 2$bOCLCS 801 2$bBUF 801 2$bOCLCE 801 2$bOCLCQ 801 2$bBUF 801 2$bOCLCQ 801 2$bOCLCF 801 2$bOCLCO 801 2$bOCLCQ 801 2$bOCLCL 801 2$bOCLCQ 906 $aJOURNAL 912 $a9910890849103321 996 $aCooperation south$94237517 997 $aUNINA LEADER 00854nam0-22002651i-450 001 990004135370403321 005 20260311101550.0 035 $aFED01000413537 035 $a(Aleph)000413537FED01 035 $a000413537 100 $a19990604d1969----km-y0itay50------ba 101 0 $aita 105 $ay-------001yy 200 1 $a<>illuministi italiani$euna antologia dagli scritti di Filangieri Pagano Beccaria Genovesi Galanti Delfico Gioia$fa cura di Ludovico Actis-Perinetti 210 $aTorino$cLoescher Editore$d1969 215 $aXXVI, 160 p.$d19 cm 225 1 $aClassici della filosofia 702 1$aActis Perinetti,$bLudovico 801 0$aIT$bUNINA$gRICA$2UNIMARC 901 $aBK 912 $a990004135370403321 952 $a191.2 ACTL 01$bI.F.M.2197$fFLFBC 959 $aFLFBC 996 $aIlluministi italiani$959390 997 $aUNINA